000 01399nam0a2200289 4500
001 RU\NLR\bibl\240526
005 20260407062645.0
035 _a(NLR Aleph) 000236409
090 _a1376870
_c1376870
100 _a20020320d2001 |||y0rusy50 ca
101 0 _arus
102 _aRU
105 _aa |||||||||
200 1 _aАлександр Сокуров на философском факультете
_e[Сб.]
_fС.-Петерб. гос. ун-т. Филос. фак., Центр изуч. культуры, С.-Петерб. филос. о-во
_g[Сост. Устюгова Е.Н.]
210 _aСПб.
_cИзд-во С.-Петерб. филос. о-ва
_d2001
215 _a97,[1] c.
_cил.
_d20
225 1 _aСерия "Мыслители"
_v4
600 1 _aСокуров
_bА.Н.
_f1951
_gАлександр Николаевич
_jСборники
_91444169
_3RU\NLR\auth\66301006
686 _aЮ802.453.7я43
686 _aЩ374.3(2Р)7-85 Сокуров
702 1 _4220
_7ca
_8rus
_aУстюгова
_bЕ. Н.
_f1948-
_gЕлена Николаевна
_9148318
_3RU\NLR\AUTH\770148354
711 0 2 _aСанкт-Петербургский государственный университет
_bФилософский факультет
_3RU\NLR\AUTH\8810029897
_9558376
801 0 _aRU
_bNLR
_c20020320
_gPSBO
801 1 _aRU
_bNLR
_c20020320
942 _cBOOK
980 _aNB